000
00315nam a2200121Ia 4500
008
191201s2016 xx 000 0 und d
100
_a
OXFORD UNIERSITY PRESS
245
0
_a
Oxford English-English-Hindi Dictionary
260
_a
N. Delhi
_b
Oxford
_c
2016
300
_a
1518
650
_a
General Books
942
_2
ddc
_c
BK
999
_c
6699
_d
6699